000 00738nam a2200253Ia 4500
003 OSt
005 20221005032722.0
006 a|||||r|||| 00| 0
007 ta
008 221004b |||||||| |||| 00| 0 urd d
020 _c1785
024 _a120998
037 _b5728/6, 13/03/2010, Modern Publishing House
_cTextual
040 _aCRL
_cCRL
_burd
041 _2urd
_aurd
082 _aO168,1M46x, E2;P9.1
100 _aAkbar Allahabadi
_9585497
245 0 _aKulliyat-e-Akbar Allahabadi
260 _aDelhi
_c2009
300 _a368p.
_ccm.
650 _aURDU POETRY
942 _hO168,1M46x, E2;P9.1
_cTEXL
_2cc
999 _c940212
_d940212